000 00682nam a2200205Ia 4500
003 GCL
008 140319s9999 xx 000 0 ara d
040 _aGCL /
_cGCL
082 0 4 _a577.27
_bا ص
100 1 _aابتسام علام
245 1 0 _aالصحة والبيئة :
_bدراسات اجتماعية وانثربولوجية /
_cابتسام علام
250 _aالاولى
260 _aالقاهرة :
_bمركز البحوث والدراسات الاجتماعية ،
_c2001
300 _a527 ص ؛
_c24 سم
490 _a
650 0 4 _aتلوث البيئة
650 0 4 _aالرعاية الصحية
650 0 4 _aحماية البيئة
942 _2ddc
_cBK
999 _c55392
_d55392